Mĩ học và giáo dục thẩm mĩ Giáo trình cao đẳng Sư phạm
Những kiến thức cơ bản về mĩ học, hệ thống mĩ học, hình thái thẩm mĩ cơ bản trong đời sống con người, giáo dục thẩm mĩ đối với học sinh phổ thông
Uloženo v:
| Hlavní autor: | |
|---|---|
| Další autoři: | |
| Médium: | Kniha |
| Jazyk: | Vietnamese |
| Vydáno: |
H.
Đại học Sư phạm
2005
|
| Edice: | Bộ Giáo dục và Đào tạo. Dự án Đào tạo Giáo viên THCS
|
| Témata: | |
| Tagy: |
Přidat tag
Žádné tagy, Buďte první, kdo otaguje tento záznam!
|
| Thư viện lưu trữ: | Mạng thư viện Đại học Đà Nẵng |
|---|
| LEADER | 01547nam a2200397 4500 | ||
|---|---|---|---|
| 001 | 000006084 | ||
| 003 | 2238 | ||
| 005 | 20120404150415.0 | ||
| 008 | 110831s2005 viesd | ||
| 020 | |c 000đ | ||
| 041 | 0 | |a vie | |
| 082 | |a 375.11 |b PH-H | ||
| 100 | 0 | |a Phan Việt Hoa | |
| 245 | 0 | |a Mĩ học và giáo dục thẩm mĩ |b Giáo trình cao đẳng Sư phạm |c Phan Việt Hoa, Nguyễn Thị Hoàng Yến | |
| 260 | |a H. |b Đại học Sư phạm |c 2005 | ||
| 300 | |a 115 tr |c 24 cm | ||
| 490 | |a Bộ Giáo dục và Đào tạo. Dự án Đào tạo Giáo viên THCS | ||
| 500 | |a Thư mục: tr. 115 | ||
| 520 | |a Những kiến thức cơ bản về mĩ học, hệ thống mĩ học, hình thái thẩm mĩ cơ bản trong đời sống con người, giáo dục thẩm mĩ đối với học sinh phổ thông | ||
| 653 | |a Thẩm mĩ | ||
| 653 | |a Giáo dục | ||
| 653 | |a Mĩ học | ||
| 653 | |a Giáo trình | ||
| 700 | |a Phan Việt Hoa |e Tác giả | ||
| 700 | |a Nguyễn Thị Hoàng Yến |e Tác giả | ||
| 910 | |a Nguyễn Thị Kim Oanh |d 31/08/2011 | ||
| OWN | |a LSP | ||
| AVA | |a UDN50 |b LSP |d 375.11 PH-H |e available |t Error 5001 Not defined in file expand_doc_bib_avail. |f 5 |g 0 |h N |i 0 |k 1 | ||
| 999 | |a From the UDN01 | ||
| AVA | |a UDN50 |b LSP |d 375.11 PH-H |e available |t Error 5001 Not defined in file expand_doc_bib_avail. |f 5 |g 0 |h N |i 0 |k 1 | ||
| TYP | |a Monograph | ||
| TYP | |a Printed language | ||
| 980 | |a Mạng thư viện Đại học Đà Nẵng | ||